000 00394nam a2200145Ia 4500
008 220217s9999||||xx |||||||||||||| ||und||
020 _a9780070144774
082 _a621.381 MIL
100 _aMillman, Jacob and others
245 0 _aMillman's Integrated Electronics
250 _a2
260 _aTata mc graw hill
_bNew Delhi
_c2010
300 _axxiii;858
_b410
650 _aELECTRONICS
999 _c182031
_d182031